[Event "Ambalangoda Dhamso op 6th"]
[Site "Ambalangoda"]
[Date "2016.05.01"]
[Round "5"]
[White "S, Latheef"]
[Black "De Silva, Elath Mathanga"]
[Result "0-1"]
[WhiteElo "1279"]
[BlackElo "1958"]
[PlyCount "37"]
[EventDate "2016.04.29"]
[EventType "swiss"]
[EventRounds "9"]
[EventCountry "SRI"]
[SourceTitle "EXT 2017"]
[Source "ChessBase"]
[SourceDate "2016.10.25"]
[SourceVersion "1"]
[SourceVersionDate "2016.10.25"]
[SourceQuality "1"]

1. c4 e5 2. Nc3 Nc6 3. a3 a5 4. g3 Nf6 5. Bg2 Bc5 6. Nf3 d6 7. d3 h6 8. Bd2 Be6 9. Qc2 Qd7 10. 0-0 Bh3 11. Rab1 0-0 12. Na4 Bxg2 13. Kxg2 Nh5 14. Bc3 Rae8 15. Nxc5 dxc5 16. Qa4 Qg4 17. h3 Nf4+ 18. Kg1 Nxh3+ 19. Kh2 0-1